|
|
|
|
| LEADER |
00949nam a22002532a 4500 |
| 001 |
000773488 |
| 003 |
CZ BrMZK |
| 005 |
20050506131401.0 |
| 007 |
ta |
| 008 |
050506s1977 xr er|||||||||||rus d |
| 040 |
|
|
|a ABA001
|b cze
|c HKA001
|d ABA001
|
| 041 |
0 |
|
|a cze
|a rus
|
| 100 |
1 |
|
|a Ovsjannikov, Georgij,
|d 1918-
|7 jk01091417
|4 aut
|
| 245 |
1 |
0 |
|a Ruské odborné texty pro studující psychologie :
|b Česko-ruský slovník : určeno pro posl. fak. filozof.
|n 1. [díl] /
|c Georgij Ovsjannikov
|
| 250 |
|
|
|a 1. vyd.
|
| 260 |
|
|
|a Praha :
|b SPN,
|c 1977
|f (SČT 17)
|
| 300 |
|
|
|a 10, 242 s. ;
|c 4°
|
| 500 |
|
|
|a Pozn.
|
| 500 |
|
|
|a Vyd. Univ. Karlova v Praze
|
| 710 |
2 |
|
|a Univerzita Karlova.
|b Filozofická fakulta
|7 kn20010710340
|
| 910 |
|
|
|a BOA001
|b PK-N-0018.562,1
|
| 964 |
|
|
|a Ruština - texty psychologické - učebnice - školy vysoké
|
| 990 |
|
|
|a BK
|
| 996 |
7 |
|
|b 3119685551
|c PK-N-0018.562,1
|l MZK
|r Sklad / do 1 hodiny
|n 1
|w 000773488
|u 000010
|a 1
|e BOA001
|j MZK50
|s A
|